Normal view
MARC view
Entry Personal Name
001 - CONTROL NUMBER
- control field: 49250
003 - CONTROL NUMBER IDENTIFIER
- control field: dpl
005 - DATE AND TIME OF LATEST TRANSACTION
- control field: 20120618121549.0
008 - FIXED-LENGTH DATA ELEMENTS
- fixed length control field: 120618|||a|||||| | ||| d
040 ## - CATALOGING SOURCE
- Original cataloging agency: dpl
- Transcribing agency: dpl
100 ## - HEADING--PERSONAL NAME
- Personal name: बराड़, जगजीत
670 ## - SOURCE DATA FOUND
- Source citation: Work cat.: (dpl): बराड़, जगजीत, प्राकृत अनुवाद कला/, 2012
670 ## - SOURCE DATA FOUND
- Source citation: Work cat.: (dpl): बराड़, जगजीत, प्राकृत अनुवाद कला/, 2012
